000 01311 a2200229 4500
005 2008091704584.0
008 080917t xxu||||| |||| 00| 0 hin d
010 _a
020 _a
_c500.00
035 _aB-258201
037 _bD.B.Act / Pub
082 _a070.43
100 _aशर्मा.ओ.पी
_940459
245 _aपत्रकारिता और उसके विभिन्न स्वरूप
_cओ.पी.शर्मा
246 _aPatrakarita aur uske vibhinn swaroop
_bby O.P.Sharma
260 _aनई दिल्ली
_bमहावीर एंड संस
_c2008
270 _a3072/28,प्रथम तल,गोला मार्किट(नजदीक गोलचा सिनेमा),दरियागंज
_bनई दिल्ली
_e110002
300 _a183पृ
_c22सेमी(सजिल्द)
942 _adpl
_cHN
_k070.43 / शर्माओ
_2ddc
_h070.43
_mशर्माओ
999 _c61724
_d61724